[Event "TUR-chT 2nd League"]
[Site "Denizli"]
[Date "2023.07.12"]
[Round "6.23"]
[White "Kilic, Efe Mert"]
[Black "Ertan, Can"]
[Result "1/2-1/2"]
[WhiteElo "2190"]
[BlackElo "2364"]
[PlyCount "142"]
[EventDate "2023.07.09"]
[EventType "team-swiss"]
[EventRounds "9"]
[EventCountry "TUR"]
[SourceTitle "CBM 215 Extra"]
[Source "ChessBase"]
[SourceDate "2023.09.30"]
[SourceVersion "1"]
[SourceVersionDate "2023.09.30"]
[SourceQuality "1"]
[WhiteTeam "Galva Metal"]
[BlackTeam "Moda"]
[WhiteTeamCountry "TUR"]
[BlackTeamCountry "TUR"]

1. e4 e5 2. Nc3 Nf6 3. d4 exd4 4. Qxd4 Nc6 5. Qd3 d5 6. Bf4 d4 7. Nb5 Bb4+ 8. c3 Ba5 9. 0-0-0 Qe7 10. Nxd4 Nxd4 11. Qxd4 Bb6 12. Qa4+ Bd7 13. Qc2 0-0-0 14. f3 Be6 15. Rxd8+ Rxd8 16. Kb1 Bf5 17. Bg5 Bxg1 18. Bd3 Bg6 19. Bxf6 Qxf6 20. Rxg1 Qd6 21. Rd1 Qxh2 22. g4 Qf4 23. Be2 Rxd1+ 24. Qxd1 h5 25. gxh5 Bxh5 26. Kc2 Qh2 27. Kd3 Qd6+ 28. Kc2 Qxd1+ 29. Kxd1 Kd7 30. Kd2 Kd6 31. Ke3 g5 32. Bc4 Ke5 33. b4 f6 34. a3 Be8 35. Bb3 b6 36. Bc4 Bd7 37. Bb3 Be6 38. Ba4 Bc4 39. Be8 Bb3 40. Bb5 Bc2 41. Bd7 Bb1 42. Bc8 a5 43. Bd7 Kd6 44. Ba4 axb4 45. axb4 c5 46. Be8 Ba2 47. Bb5 Be6 48. Be8 Bb3 49. Bb5 Ke5 50. Bd7 Be6 51. Be8 Kd6 52. Bb5 Bd7 53. Bc4 Kc6 54. Kd3 Bh3 55. Ke3 Bd7 56. Kd3 Bc8 57. Ke3 Bh3 58. Bd3 Be6 59. Be2 Bd7 60. Bc4 Kd6 61. Bf7 Ba4 62. Bc4 Kc6 63. Be2 Bb5 64. Bd1 Bc4 65. Ba4+ Kd6 66. Be8 Be6 67. Bb5 g4 68. fxg4 Bxg4 69. Kf4 Be6 70. Be8 Bh3 71. Bb5 Be6 1/2-1/2

[Event "TUR-chT 2nd League"]
[Site "Konya"]
[Date "2022.08.25"]
[Round "5.4"]
[White "Yildiz, Talat"]
[Black "Kilic, Efe Mert"]
[Result "0-1"]
[WhiteElo "1819"]
[BlackElo "2178"]
[PlyCount "64"]
[EventDate "2022.08.22"]
[EventType "team-swiss"]
[EventRounds "9"]
[EventCountry "TUR"]
[SourceTitle "CBM 210 Extra"]
[Source "ChessBase"]
[SourceDate "2022.11.30"]
[SourceVersion "1"]
[SourceVersionDate "2022.11.30"]
[SourceQuality "1"]
[WhiteTeam "Cesme Belediye"]
[BlackTeam "Alacati Satranc"]
[WhiteTeamCountry "TUR"]
[BlackTeamCountry "TUR"]

1. c4 c5 2. g3 Nc6 3. Nc3 g6 4. Bg2 Bg7 5. Nf3 Nh6 6. 0-0 Nf5 7. d3 a6 8. Bd2 Rb8 9. a4 0-0 10. Rb1 d6 11. Ne1 Nb4 12. e4 Nd4 13. Ne2 Bg4 14. f3 Bd7 15. Bxb4 cxb4 16. Nxd4 Bxd4+ 17. Kh1 b5 18. axb5 axb5 19. Nc2 Bg7 20. b3 Bc3 21. Ne3 e6 22. f4 Qb6 23. Qe2 Bc6 24. g4 Ra8 25. f5 Qd8 26. Rf3 Qh4 27. Rbf1 Be5 28. h3 Rfe8 29. R1f2 Ra1+ 30. Bf1 Bd4 31. fxe6 fxe6 32. Qd2 bxc4 0-1

[Event "TUR-chT 2nd League"]
[Site "Konya"]
[Date "2022.08.24"]
[Round "4.3"]
[White "Kilic, Efe Mert"]
[Black "Ozdover, Mustafa Berkay"]
[Result "1-0"]
[WhiteElo "2178"]
[BlackElo "2114"]
[PlyCount "75"]
[EventDate "2022.08.22"]
[EventType "team-swiss"]
[EventRounds "9"]
[EventCountry "TUR"]
[SourceTitle "CBM 210 Extra"]
[Source "ChessBase"]
[SourceDate "2022.11.30"]
[SourceVersion "1"]
[SourceVersionDate "2022.11.30"]
[SourceQuality "1"]
[WhiteTeam "Alacati Satranc"]
[BlackTeam "Bursa Deneyim"]
[WhiteTeamCountry "TUR"]
[BlackTeamCountry "TUR"]

1. Nf3 d5 2. e3 c5 3. b3 Nc6 4. Bb2 Nf6 5. Bb5 Bd7 6. 0-0 e6 7. Bxc6 Bxc6 8. Ne5 Be7 9. Nxc6 bxc6 10. d3 0-0 11. Nc3 Nd7 12. Na4 Nb6 13. Qg4 g6 14. Qf4 f6 15. Qg4 Kf7 16. Qh3 h5 17. Nc3 f5 18. Ne2 Bf6 19. Bxf6 Qxf6 20. Qg3 e5 21. d4 cxd4 22. exd4 e4 23. h4 Rfe8 24. a4 Re7 25. a5 Nd7 26. c4 dxc4 27. bxc4 Nf8 28. d5 Rd8 29. Nf4 e3 30. Rae1 e2 31. Nxe2 cxd5 32. cxd5 Nd7 33. Nf4 Ne5 34. Re2 Ng4 35. Re6 Rxe6 36. Nxe6 Rd7 37. Qb8 g5 38. Qf8+ 1-0

[Event "TUR Cup"]
[Site "Adapazari"]
[Date "2022.03.29"]
[Round "7"]
[White "Kilic, Efe Mert"]
[Black "Hatirli, Ugur Can"]
[Result "1-0"]
[WhiteElo "2220"]
[BlackElo "1846"]
[PlyCount "183"]
[EventDate "2022.03.25"]
[EventType "swiss"]
[EventRounds "11"]
[EventCountry "TUR"]
[SourceTitle "EXT 2023"]
[Source "ChessBase"]
[SourceDate "2022.10.05"]
[SourceVersion "1"]
[SourceVersionDate "2022.10.05"]
[SourceQuality "1"]

1. e4 c5 2. Nc3 Nc6 3. g3 g6 4. Bg2 Bg7 5. d3 e6 6. Be3 Nd4 7. Nce2 Ne7 8. c3 Nxe2 9. Nxe2 b6 10. Qd2 Bb7 11. Bh6 Bxh6 12. Qxh6 Ng8 13. Qe3 Ne7 14. Qh6 Ng8 15. Qf4 Qb8 16. Qe3 Nf6 17. Qg5 Qd8 18. 0-0-0 Rc8 19. Rhe1 c4 20. Qf4 cxd3 21. Rxd3 0-0 22. Nd4 Rc5 23. Qd2 e5 24. Nb3 Rc4 25. f3 Qe7 26. g4 Bc6 27. Bf1 Ra4 28. Kb1 Rc8 29. Rd1 Rc7 30. Ka1 Ne8 31. Qc2 Ng7 32. Nc1 Ne6 33. R3d2 b5 34. Nd3 Ng5 35. Ne1 Nxf3 36. Nxf3 Bxe4 37. Rd3 a6 38. Re1 Bxd3 39. Bxd3 d6 40. Be4 Qd7 41. b3 Ra5 42. Qd2 b4 43. c4 Rac5 44. g5 a5 45. Bd5 Ra7 46. Qc2 a4 47. Nd2 axb3 48. Nxb3 Qa4 49. Re2 Rcc7 50. h4 Qd7 51. h5 Kf8 52. hxg6 hxg6 53. Rf2 Qg4 54. Qc1 Qg3 55. Rf3 Qh2 56. Qd2 Qxd2 57. Nxd2 Ra5 58. Nb3 Ra3 59. Kb1 Kg7 60. Rf2 Rca7 61. Rb2 Rc7 62. Nd2 Rd3 63. Rc2 Ra7 64. Kc1 Rc3 65. Ne4 Rxc2+ 66. Kxc2 Rxa2+ 67. Kb3 Ra6 68. Kxb4 Rb6+ 69. Ka5 Rb1 70. Nxd6 Rd1 71. Ne4 Kf8 72. Kb6 Ke7 73. Kc6 Rd3 74. Kc7 Rd4 75. Nf6 Rd1 76. Kc6 Rg1 77. Ne4 Rd1 78. c5 Rd4 79. Nf6 Rd1 80. Ng8+ Kf8 81. Nh6 Rg1 82. Kd6 e4 83. Bxe4 Rxg5 84. c6 Rg1 85. c7 Rd1+ 86. Bd5 Rc1 87. Bc6 Rd1+ 88. Ke5 f6+ 89. Ke6 Re1+ 90. Kxf6 Rf1+ 91. Kg5 Rg1+ 92. Ng4 1-0

[Event "TUR Cup"]
[Site "Antalya"]
[Date "2020.01.30"]
[Round "8"]
[White "Kilic, Efe Mert"]
[Black "Can, Furkan"]
[Result "1/2-1/2"]
[WhiteElo "2247"]
[BlackElo "1980"]
[PlyCount "67"]
[EventDate "2020.01.26"]
[EventType "swiss"]
[EventRounds "11"]
[EventCountry "TUR"]
[SourceTitle "CBM 194 Extra"]
[Source "ChessBase"]
[SourceDate "2020.03.31"]
[SourceVersion "1"]
[SourceVersionDate "2020.03.31"]
[SourceQuality "1"]

1. e4 Nf6 2. e5 Nd5 3. d4 d6 4. Nf3 dxe5 5. Nxe5 c6 6. Be2 Bf5 7. 0-0 Nd7 8. Nf3 e6 9. c4 N5f6 10. Nc3 Be7 11. Nh4 Be4 12. Nxe4 Nxe4 13. Nf3 0-0 14. Qc2 Nef6 15. Bf4 c5 16. dxc5 Bxc5 17. Rad1 Qb6 18. Ne5 Rfd8 19. Bf3 Bd4 20. Qe2 Nxe5 21. Bxe5 Bxe5 22. Qxe5 Nd7 23. Qb5 Qxb5 24. cxb5 Rab8 25. b4 b6 26. Rc1 Ne5 27. Rc7 Nxf3+ 28. gxf3 Ra8 29. Rfc1 Kf8 30. Rb7 Rdb8 31. Rd7 Rd8 32. Rb7 Rdb8 33. Rd7 Rd8 34. Rb7 1/2-1/2

[Event "TUR Cup"]
[Site "Antalya"]
[Date "2020.01.27"]
[Round "2"]
[White "Kilic, Efe Mert"]
[Black "Durmus, Kenan"]
[Result "1-0"]
[WhiteElo "2247"]
[BlackElo "1611"]
[PlyCount "101"]
[EventDate "2020.01.26"]
[EventType "swiss"]
[EventRounds "11"]
[EventCountry "TUR"]
[SourceTitle "CBM 194 Extra"]
[Source "ChessBase"]
[SourceDate "2020.03.31"]
[SourceVersion "1"]
[SourceVersionDate "2020.03.31"]
[SourceQuality "1"]

1. Nf3 Nf6 2. c4 e6 3. g3 Be7 4. Bg2 c5 5. Nc3 Nc6 6. 0-0 d5 7. cxd5 exd5 8. d4 cxd4 9. Nxd4 0-0 10. b3 Nxd4 11. Qxd4 Be6 12. Bb2 Qb6 13. Qxb6 axb6 14. Rfd1 Rfd8 15. e3 Kf8 16. Nb5 Rd7 17. a4 Rc8 18. Rac1 Rc6 19. Nd4 Rcc7 20. Bf1 Rc5 21. Nxe6+ fxe6 22. Bd4 Rxc1 23. Rxc1 Bd8 24. Rc8 Ke7 25. Be5 Ng4 26. Bxg7 Rc7 27. Rxc7+ Bxc7 28. Bc3 Ne5 29. Kg2 Kf7 30. f4 Ng4 31. Bd2 Nf6 32. Bd3 e5 33. fxe5 Bxe5 34. Kf3 h5 35. Bf5 Ne8 36. h3 Kf6 37. Bd3 Nd6 38. g4 hxg4+ 39. Kxg4 Nf7 40. Be1 Nh6+ 41. Kf3 Nf5 42. h4 d4 43. Bxf5 Kxf5 44. e4+ Ke6 45. Ke2 b5 46. axb5 Kd6 47. Bb4+ Kc7 48. Bc5 b6 49. Ba3 Kd7 50. Kd3 Ke6 51. Bb2 1-0

[Event "Istanbul Redbull Masters"]
[Site "Istanbul"]
[Date "2019.11.24"]
[Round "2.5"]
[White "Ozenir, Ekin Baris"]
[Black "Kilic, Efe Mert"]
[Result "1-0"]
[WhiteElo "2274"]
[BlackElo "2247"]
[PlyCount "72"]
[EventDate "2019.11.23"]
[EventType "k.o."]
[EventRounds "8"]
[EventCountry "TUR"]
[SourceTitle "CBM 193 Extra"]
[Source "ChessBase"]
[SourceDate "2020.01.31"]
[SourceVersion "1"]
[SourceVersionDate "2020.01.31"]
[SourceQuality "1"]

1. d4 d5 2. c4 e6 3. Nc3 Nf6 4. cxd5 exd5 5. Bg5 Be7 6. e3 Nbd7 7. Bd3 Nf8 8. Qc2 Ne6 9. Bh4 h6 10. Nge2 b6 11. 0-0 0-0 12. f4 c5 13. f5 Ng5 14. Nf4 a6 15. Be2 Bb7 16. Rad1 c4 17. Bxg5 hxg5 18. Nh3 Ne8 19. Bf3 b5 20. a3 Qd7 21. Kh1 a5 22. e4 dxe4 23. Nxe4 f6 24. Nc5 Bxc5 25. dxc5 Qc7 26. Bxb7 Qxb7 27. Nf2 Nc7 28. Ne4 Nd5 29. Nd6 Qc6 30. Qe4 c3 31. Rxd5 cxb2 32. Qe6+ Kh7 33. Rd3 g4 34. Qb3 Qxc5 35. Qxb2 Rfd8 36. Rfd1 b4 1-0

[Event "TUR-chT"]
[Site "Konya"]
[Date "2019.07.27"]
[Round "12.5"]
[White "Kilic, Efe Mert"]
[Black "Heberla, Bartlomiej"]
[Result "0-1"]
[WhiteElo "2275"]
[BlackElo "2534"]
[PlyCount "70"]
[EventDate "2019.07.17"]
[EventType "team-tourn"]
[EventRounds "13"]
[EventCountry "TUR"]
[SourceTitle "CBM 191 Extra"]
[Source "ChessBase"]
[SourceDate "2019.09.30"]
[SourceVersion "1"]
[SourceVersionDate "2019.09.30"]
[SourceQuality "1"]
[WhiteTeam "Rota Koleji Dernegi"]
[BlackTeam "Turk Hava Yollari"]
[WhiteTeamCountry "TUR"]
[BlackTeamCountry "TUR"]

1. e4 e6 2. d4 d5 3. exd5 exd5 4. Bd3 c5 5. dxc5 Bxc5 6. Nf3 Nf6 7. 0-0 0-0 8. Bg5 h6 9. Bh4 g5 10. Bg3 Ne4 11. Nbd2 f5 12. Bxb8 Rxb8 13. Nb3 Bb6 14. Nfd4 Qd6 15. c3 Bd7 16. Bb5 Bc6 17. Qh5 Qf6 18. a4 a6 19. Bd3 g4 20. Nxc6 bxc6 21. Bc2 g3 22. hxg3 Nxg3 23. Qf3 Nxf1 24. Rxf1 Rb7 25. a5 Ba7 26. Qd3 Qg5 27. Nd4 Bxd4 28. cxd4 Rg7 29. Qh3 Qg4 30. Qh2 Rf6 31. Bd1 Qxd4 32. Qb8+ Rf8 33. Qd6 Qe4 34. f3 Qd4+ 35. Kh1 Qxb2 0-1

[Event "TUR-chT"]
[Site "Konya"]
[Date "2019.07.25"]
[Round "10.4"]
[White "Kilic, Efe Mert"]
[Black "Lobanov, Sergei"]
[Result "0-1"]
[WhiteElo "2275"]
[BlackElo "2505"]
[PlyCount "78"]
[EventDate "2019.07.17"]
[EventType "team-tourn"]
[EventRounds "13"]
[EventCountry "TUR"]
[SourceTitle "CBM 191 Extra"]
[Source "ChessBase"]
[SourceDate "2019.09.30"]
[SourceVersion "1"]
[SourceVersionDate "2019.09.30"]
[SourceQuality "1"]
[WhiteTeam "Rota Koleji Dernegi"]
[BlackTeam "Hatay Buyuksehir"]
[WhiteTeamCountry "TUR"]
[BlackTeamCountry "TUR"]

1. e4 c5 2. Nf3 d6 3. d4 cxd4 4. Nxd4 Nf6 5. Nc3 Nc6 6. Bc4 e6 7. Bb3 a6 8. 0-0 Be7 9. Be3 0-0 10. h3 Na5 11. f4 Qc7 12. f5 Nc4 13. Bxc4 Qxc4 14. Qd3 Qxd3 15. cxd3 Bd7 16. a4 h6 17. g4 e5 18. Nc2 Bc6 19. g5 hxg5 20. Bxg5 Rfd8 21. Ne3 Kf8 22. a5 Rac8 23. Kg2 Ke8 24. h4 d5 25. Bxf6 dxe4 26. Bxe7 exd3+ 27. Kf2 Kxe7 28. Ke1 Rh8 29. Kd2 Rxh4 30. f6+ Ke6 31. fxg7 Rh2+ 32. Kc1 Rg8 33. Nf5 Rc2+ 34. Kb1 Bg2 35. Ne3 Bxf1 36. Nxc2 dxc2+ 37. Kxc2 Bg2 38. Rg1 Rxg7 39. Kd2 Rg4 0-1

[Event "Marmaris Karya 7th"]
[Site "Marmaris"]
[Date "2019.05.25"]
[Round "7.4"]
[White "Kilic, Efe Mert"]
[Black "Darban Vaighani, Morteza"]
[Result "1/2-1/2"]
[WhiteElo "2248"]
[BlackElo "2285"]
[PlyCount "91"]
[EventDate "2019.05.25"]
[EventType "schev"]
[EventRounds "10"]
[EventCountry "TUR"]
[SourceTitle "CBM 190 Extra"]
[Source "ChessBase"]
[SourceDate "2019.07.15"]
[SourceVersion "1"]
[SourceVersionDate "2019.07.15"]
[SourceQuality "1"]
[WhiteTeam "Yellow Team"]
[BlackTeam "Blue Team"]
[WhiteTeamCountry "TUR"]
[BlackTeamCountry "TUR"]

1. e4 g6 2. d4 Bg7 3. Nc3 c6 4. Nf3 d6 5. a4 Nf6 6. Be2 Qc7 7. 0-0 Nbd7 8. a5 0-0 9. h3 e5 10. dxe5 dxe5 11. Be3 Rd8 12. Qb1 Nf8 13. Qa2 Be6 14. Qa3 Nh5 15. Rfd1 Nf4 16. Bf1 Bf6 17. Rxd8 Qxd8 18. Bc5 Nd7 19. Bd6 Qc8 20. Ne2 Nh5 21. Nc1 Ng7 22. Nd3 Ne8 23. Bxe5 Nxe5 24. Ndxe5 Qc7 25. Nd3 Rd8 26. Nc5 Bc8 27. Nd3 Ng7 28. Qc5 b6 29. axb6 axb6 30. Qe3 Ne6 31. c3 c5 32. g3 Bb7 33. Bg2 Be7 34. Nf4 Nxf4 35. gxf4 Bf8 36. e5 Bxf3 37. Bxf3 c4 38. Ra8 Bc5 39. Qe4 Rxa8 40. Qxa8+ Kg7 41. Qe8 Qe7 42. Qxe7 Bxe7 43. Bc6 f6 44. Bb5 fxe5 45. fxe5 Bg5 46. Bxc4 1/2-1/2

[Event "Ordu op 5th"]
[Site "Ordu"]
[Date "2019.05.02"]
[Round "5"]
[White "Kilic, Efe Mert"]
[Black "Annaberdiev, Meilis"]
[Result "1-0"]
[WhiteElo "2248"]
[BlackElo "2525"]
[PlyCount "89"]
[EventDate "2019.04.29"]
[EventType "swiss"]
[EventRounds "9"]
[EventCountry "TUR"]
[SourceTitle "CBM 190 Extra"]
[Source "ChessBase"]
[SourceDate "2019.07.15"]
[SourceVersion "1"]
[SourceVersionDate "2019.07.15"]
[SourceQuality "1"]

1. e4 c6 2. d4 d5 3. Nc3 dxe4 4. Nxe4 Nf6 5. Nxf6+ exf6 6. c3 Bd6 7. Bd3 0-0 8. Qc2 Re8+ 9. Ne2 h5 10. 0-0 Qc7 11. h3 Be6 12. Be3 Nd7 13. c4 Nf8 14. Nc3 Qc8 15. Rfe1 f5 16. f4 Ng6 17. Qf2 Qc7 18. d5 Bd7 19. c5 Bxf4 20. d6 Bxe3 21. Rxe3 Qa5 22. Rxe8+ Rxe8 23. Bxf5 Ne5 24. a3 Nf3+ 25. Kh1 Bxf5 26. b4 Qd8 27. Qxf3 Qg5 28. Rf1 g6 29. Qf4 Qxf4 30. Rxf4 Kf8 31. g4 Re1+ 32. Kg2 hxg4 33. hxg4 Be6 34. Kf2 Ra1 35. g5 Rxa3 36. Ne4 Ke8 37. Nf6+ Kd8 38. Rh4 Rh3 39. Rh6 Bf5 40. Kg2 Rxh6 41. gxh6 g5 42. h7 Bxh7 43. Nxh7 g4 44. Nf6 b6 45. Nxg4 1-0

[Event "TUR Cup"]
[Site "Antalya"]
[Date "2019.01.31"]
[Round "7"]
[White "Kilic, Efe Mert"]
[Black "Erdogan, Anil Berk"]
[Result "1-0"]
[WhiteElo "2241"]
[BlackElo "2090"]
[PlyCount "41"]
[EventDate "2019.01.27"]
[EventType "swiss"]
[EventRounds "11"]
[EventCountry "TUR"]
[SourceTitle "CBM 188 Extra"]
[Source "ChessBase"]
[SourceDate "2019.02.26"]
[SourceVersion "1"]
[SourceVersionDate "2019.02.26"]
[SourceQuality "1"]

1. e4 e6 2. d4 d5 3. Nd2 a6 4. Ngf3 c5 5. dxc5 Bxc5 6. Bd3 Nc6 7. exd5 exd5 8. 0-0 Nge7 9. a3 0-0 10. b4 Bb6 11. Nb3 Ng6 12. Re1 Bg4 13. h3 Bxf3 14. Qxf3 Nce5 15. Qf5 Nxd3 16. Qxd3 Qh4 17. Be3 Nf4 18. Qf5 Bc7 19. Rad1 Rfe8 20. g3 g6 21. Qxf4 1-0